Phaselock techniques /
Guardado en:
| Autor Principal: | |
|---|---|
| Formato: | Libro |
| Idioma: | English |
| Publicado: |
New York :
Wiley,
c1979.
|
| Edición: | 2nd ed. |
| Materias: | |
| Acceso en línea: | Biografía del autor Descripción Tabla de contenido |
| Etiquetas: |
Agregar Etiqueta
Sin Etiquetas, Sea el primero en etiquetar este registro!
|
| LEADER | 01013pam a22002655a 4500 | ||
|---|---|---|---|
| 001 | EIQ.libpla003894 | ||
| 008 | 781207s1979####nyua#####b####001#0#eng#d | ||
| 005 | 20080407183705.0 | ||
| 245 | 1 | 0 | |a Phaselock techniques / |c Floyd M. Gardner. |
| 250 | |a 2nd ed. | ||
| 260 | |a New York : |b Wiley, |c c1979. | ||
| 300 | |a xvi, 285 p. : |b il. ; |c 24 cm. | ||
| 500 | |a "A Wiley-Interscience publication." | ||
| 504 | |a Incluye referencias bibliográficas e índice. | ||
| 020 | |a 0471042943 | ||
| 100 | 1 | |a Gardner, Floyd Martin, |d 1929- | |
| 082 | 0 | 0 | |a 621.3815/35 |
| 650 | 4 | |a Electrónica |x Diseño digital. | |
| 650 | 4 | |a Electronics |x Digital design. | |
| 010 | |a 78020777 | ||
| 040 | |a DLC |c DLC |d AR-BbSID | ||
| 856 | 4 | 2 | |3 Biografía del autor |u http://www.loc.gov/catdir/bios/wiley041/78020777.html |
| 856 | 4 | 2 | |3 Descripción |u http://www.loc.gov/catdir/description/wiley031/78020777.html |
| 856 | 4 | |3 Tabla de contenido |u http://www.loc.gov/catdir/toc/onix01/78020777.html | |
| 859 | |a AR-BbSID |b BIB. PLAPIQUI |h 621.381 5 |i G 166 |p 2394 | ||
